| Tag |
First Indicator |
Second Indicator |
Subfields |
| LEADER |
00000cam a2200000 a 4500 |
| 001 |
in00001640513 |
| 005 |
20220105104649.0 |
| 006 |
m u |
| 007 |
cr cn||||||||| |
| 008 |
001008s1992 ilu sb s001 0 eng d |
| 010 |
|
|
|z 91039992
|
| 020 |
|
|
|a 0585107807 (electronic bk.) :
|c $36.95
|
| 020 |
|
|
|z 0809317796 (alk. paper)
|
| 035 |
|
|
|a 11962
|b (N$T)
|
| 035 |
|
|
|a nL11962
|
| 040 |
|
|
|a N$T
|c N$T
|d UtOrBLW
|
| 043 |
|
|
|a n-us---
|
| 050 |
1 |
4 |
|a PN1998.3.D73
|b O25 1992eb
|
| 082 |
0 |
4 |
|a 070.1/8
|2 20
|
| 100 |
1 |
|
|a O'Connell, P. J.,
|d 1935-2006.
|0 http://id.loc.gov/authorities/names/n91113043
|
| 245 |
1 |
0 |
|a Robert Drew and the development of cinema verite in America /
|c P.J. O'Connell.
|
| 264 |
|
1 |
|a Carbondale :
|b Southern Illinois University Press,
|c [1992]
|
| 264 |
|
4 |
|c ©1992
|
| 300 |
|
|
|a xiv, 289 pages ;
|c 25 cm.
|
| 336 |
|
|
|a text
|b txt
|2 rdacontent
|
| 337 |
|
|
|a computer
|b c
|2 rdamedia
|
| 338 |
|
|
|a online resource
|b cr
|2 rdacarrier
|
| 504 |
|
|
|a Includes bibliographical references (pages 253-280), filmography (pages 239-249), and index.
|
| 533 |
|
|
|a Electronic reproduction.
|b Boulder, Colo. :
|c NetLibrary,
|d 2000.
|n Available via World Wide Web.
|n Access may be limited to NetLibrary affiliated libraries.
|
| 500 |
|
|
|a Electronic resource.
|
| 600 |
1 |
0 |
|a Drew, Robert,
|d 1924-2014
|x Criticism and interpretation.
|
| 650 |
|
0 |
|a Documentary films
|z United States
|x Criticism and interpretation.
|
| 655 |
|
7 |
|a Electronic books.
|2 local
|
| 710 |
2 |
|
|a NetLibrary, Inc.
|0 http://id.loc.gov/authorities/names/no99080690
|
| 776 |
0 |
|
|c Original
|w (DLC) 91039992
|
| 856 |
4 |
1 |
|u https://proxy.library.tamu.edu/login?url=http://www.netLibrary.com/urlapi.asp?action=summary&v=1&bookid=11962
|z Connect to the full text of this electronic book
|t 0
|
| 999 |
|
|
|a MARS
|
| 999 |
f |
f |
|s 5a128d24-7adf-3222-a6ac-64437dba1ab3
|i 506c5d34-2b52-3e5f-b325-8629b9647af3
|t 0
|
| 952 |
f |
f |
|a Texas A&M University
|b College Station
|c Electronic Resources
|d Available Online
|t 0
|e PN1998.3.D73 O25 1992eb
|h Library of Congress classification
|
| 998 |
f |
f |
|a PN1998.3.D73 O25 1992eb
|t 0
|l Available Online
|